| 000 | 00561nam a2200205Ia 4500 | ||
|---|---|---|---|
| 003 | OSt | ||
| 005 | 20250305133651.0 | ||
| 008 | 210210b1975 xxu||||| |||| 00| 0 eng d | ||
| 040 | _cAL | ||
| 041 | _ahin | ||
| 082 | _aH891.4 AYYS | ||
| 100 |
_aAYYAR (N E Vishwanath): _9204288 |
||
| 110 |
_bअय्यर एन इ विश्वनाथ _9204289 |
||
| 245 |
_aShahar so raha he: _bशहर सो रहा |
||
| 260 |
_aMadhura _bJavahar Pustakalay _c1975 |
||
| 300 | _a115 | ||
| 690 |
_aHindi Prose _9204290 |
||
| 906 | _a032218 | ||
| 942 |
_2ddc _cBK |
||
| 999 |
_c83353 _d83353 |
||